00442nam a2200133Ia 4500008004100000020001800041050001900059082002200078100003200100245006400132260002300196300001100219650007800230121101s9999 xx 000 0 und d a968-24-0102-X aLC191 J55 1999 a370.196 J61s 1999 aJiménez-Ottalengo, Regina aSociología de la educación / Regina Jiménez-Ottalengo aMéxico : Trillas a179 p. a1. SOCIOLOGÍA DE LA EDUCACIÓN 2. EDUCACIÓN - ASPECTOS SOCIALES.Ì